| 000 | 00969nam a22003015a 4500 | ||
|---|---|---|---|
| 008 | 130121s1999 maua frb 001 0 eng d | ||
| 010 | _a 98011759 | ||
| 020 | _a0070657696 | ||
| 020 | _a9780071167932 | ||
| 040 |
_aEG-ScBUE _beng _cEG-ScBUE |
||
| 082 | 0 | 4 |
_a624.1776 _bUGU _222 |
| 100 | 1 |
_aUgural, A. C. _917761 |
|
| 245 | 1 | 0 |
_aStresses in plates and shells / _cAnsel C. Ugural. |
| 250 | _a2nd ed. | ||
| 260 |
_aBoston : _bWCB/McGraw Hill, _c1999. |
||
| 300 |
_axx, 502 p. : _bill. ; _c24 cm. |
||
| 500 | _aIncludes indexes. | ||
| 500 | _aAppendix : p. 475-486. | ||
| 500 | _aAnswer to selected problems : p. 487-489. | ||
| 504 | _aIncludes bibliographical references. | ||
| 590 | _aMenna elemam | ||
| 650 | 0 |
_aPlates (Engineering) _931931 _2BUEsh |
|
| 650 | 0 |
_aShells (Engineering) _918466 _2BUEsh |
|
| 650 | 0 |
_aStrains and stresses. _931932 _2BUEsh |
|
| 651 | _2BUEsh | ||
| 653 |
_bENGCIV _cAugust2015 |
||
| 942 |
_cBB _k624.1776 UGU _2ddc |
||
| 999 |
_c7430 _d4017 |
||